|
|
|
|
| LEADER |
01135nam a2200265 a 4500 |
| 001 |
GR-MES12959 |
| 008 |
070904s gr b 001 0 gre d |
| 020 |
|
|
|a 0470092254
|q (PB)
|
| 040 |
|
|
|a GrPaTEI
|b gre
|c GR-PaULI
|
| 040 |
|
|
|a GrPaTEI
|b gre
|c GR-PaULI
|
| 082 |
|
0 |
|a 658.15
|2 21
|
| 100 |
1 |
|
|a Vernimmen, Pierre
|
| 245 |
1 |
0 |
|a Corporate finance :
|b theory and practice /
|c Pierre Vernimmen / Pascal Quiry. ... [et al.].
|
| 260 |
|
|
|a Chichester :
|b Wiley,
|c c2005
|
| 300 |
|
|
|a xxiv
|a 1030σ. :
|b εικ. ;
|c 25εκ.
|
| 504 |
|
|
|a Περιλαμβάνει βιβλιογραφίες και ευρετήριο.
|
| 650 |
|
0 |
|a Business enterprises
|x Finance
|
| 650 |
|
4 |
|a Επιχειρήσεις
|x Χρηματοδότηση
|
| 650 |
|
4 |
|a Εταιρείες
|x Χρηματοδότηση
|
| 653 |
|
|
|a Corporations--Finance
|
| 700 |
1 |
|
|a Quiry, Pascal
|
| 942 |
|
|
|2 ddc
|
| 952 |
|
|
|0 0
|1 0
|2 ddc
|4 0
|6 658_150000000000000_VER
|7 0
|9 271512
|a MSLG
|b MSLG
|c BSC
|d 2021-01-17
|e 24
|f 0
|g 0.00
|l 0
|o 658.15 VER
|p 2420000022369
|r 2021-01-17 00:00:00
|t 1
|w 2021-01-17
|y BK15
|x 20070904 0 ΓΑΒΡΙΝΑ 1
|x GrPaTEI
|
| 971 |
|
|
|a .b25790067
|b 15-04-20
|c 13-09-16
|
| 999 |
|
|
|c 156850
|d 156850
|